[Event "Interpolis-02"]
[Site "Tilburg"]
[Date "1978.09.01"]
[Round "1"]
[White "Larsen, Bent"]
[Black "Hort, Vlastimil"]
[Result "1-0"]
[WhiteElo "2620"]
[BlackElo "2620"]
[Annotator "Ftacnik,Lubomir"]
[PlyCount "65"]
[EventDate "1978.09.01"]
[EventType "tourn"]
[EventRounds "11"]
[EventCountry "NED"]
[EventCategory "14"]
[SourceTitle "MCL"]
[Source "ChessBase"]
[SourceDate "1999.07.01"]
[SourceVersion "1"]
[SourceVersionDate "1999.07.01"]
[SourceQuality "1"]

1. c4 c5 2. Nc3 Nc6 3. e3 Nf6 4. Nf3 e6 5. d4 d5 6. cxd5 (6. a3) 6... exd5 7. Be2 Bg4 $5 (7... Be7) (7... Bd6) (7... a6) (7... cxd4 8. Nxd4 Bd6) 8. O-O c4 $5 (8... Rc8) (8... a6) ({RR} 8... Rc8 9. h3 Bh5 10. b3 Bxf3 11. Bxf3 cxd4 12. exd4 Be7 13. Bg5 O-O 14. Bxf6 Bxf6 15. Nxd5 Bxd4 16. Rc1 Qh4 17. Rc4 b5 18. Rxc6 Rxc6 19. Ne7+ Qxe7 20. Bxc6 Rd8 21. Qf3 Qc5 22. a4 bxa4 23. Bxa4 {Hagner,B (2323)-Aravindh,C (2645) Dusseldorf GER 2023 0-1 (43)}) ({RR} 8... Ne4 9. dxc5 Nxc3 10. bxc3 Bxc5 11. Qb3 Bb6 12. Ba3 f6 13. Rfd1 Be6 14. Nd4 Nxd4 15. cxd4 Kf7 16. e4 Rc8 17. Rac1 Rxc1 18. Bxc1 Re8 19. Ba3 Bc8 20. Bf3 Kg8 21. h3 Be6 22. exd5 Bf7 23. Bc5 {Lucas,M (2000)-Ebner,H (1857) Arco 2025 1-0 (39)}) ({RR} 8... Rc8 9. h3 Bh5 10. b3 Bxf3 11. Bxf3 cxd4 12. exd4 Be7 13. Bg5 O-O 14. Bxf6 Bxf6 15. Nxd5 Bxd4 16. Rc1 Qh4 17. Rc4 b5 18. Rxc6 Rxc6 19. Ne7+ Qxe7 20. Bxc6 Rd8 21. Qf3 Qc5 22. a4 bxa4 23. Bxa4 {Hagner,B (2323)-Aravindh,C (2645) Dusseldorf GER 2023 0-1 (43)}) ({RR} 8... Ne4 9. dxc5 Nxc3 10. bxc3 Bxc5 11. Qb3 Bb6 12. Ba3 f6 13. Rfd1 Be6 14. Nd4 Nxd4 15. cxd4 Kf7 16. e4 Rc8 17. Rac1 Rxc1 18. Bxc1 Re8 19. Ba3 Bc8 20. Bf3 Kg8 21. h3 Be6 22. exd5 Bf7 23. Bc5 {Lucas,M (2000)-Ebner,H (1857) Arco 2025 1-0 (39)}) 9. h3 $146 (9. Ne5 Bxe2 10. Qxe2 Rc8 11. Ng4 $5) ({RR} 9. b3 Bb4 10. Bb2 Bxc3 11. Bxc3 b5 12. bxc4 dxc4 13. h3 Bh5 14. a4 b4 15. Bxc4 bxc3 16. Bb5 Qd5 17. g4 Bg6 18. Ne5 Rc8 19. Nxc6 Rxc6 20. f3 c2 21. Qe2 O-O 22. Bxc6 Qxc6 23. Rfc1 Qc3 {Oud,N (2110)-Rudolph,J (1917) Hamburg 2005 1-0 (43)}) ({RR} 9. b3 cxb3 10. Qxb3 Rb8 11. h3 Bh5 12. Ba3 Bxa3 13. Qxa3 Qe7 14. Qxe7+ Kxe7 15. Rab1 Rhc8 16. Rfc1 a6 17. Bd3 Bxf3 18. gxf3 g6 19. Na4 Nd7 20. Nc5 Nxc5 21. Rxc5 Kd6 22. Rb6 Kc7 23. Rb1 Kd6 {Menahem,A (2228)-Jimenez Salas,M (1988) chess.com INT 2024 ½-½ (70)}) ({RR} 9. b3 Bb4 10. Bb2 Bxc3 11. Bxc3 b5 12. bxc4 dxc4 13. h3 Bh5 14. a4 b4 15. Bxc4 bxc3 16. Bb5 Qd5 17. g4 Bg6 18. Ne5 Rc8 19. Nxc6 Rxc6 20. f3 c2 21. Qe2 O-O 22. Bxc6 Qxc6 23. Rfc1 Qc3 {Oud,N (2110)-Rudolph,J (1917) Hamburg 2005 1-0 (43)}) ({RR} 9. b3 cxb3 10. Qxb3 Rb8 11. h3 Bh5 12. Ba3 Bxa3 13. Qxa3 Qe7 14. Qxe7+ Kxe7 15. Rab1 Rhc8 16. Rfc1 a6 17. Bd3 Bxf3 18. gxf3 g6 19. Na4 Nd7 20. Nc5 Nxc5 21. Rxc5 Kd6 22. Rb6 Kc7 23. Rb1 Kd6 {Menahem,A (2228)-Jimenez Salas,M (1988) chess.com INT 2024 ½-½ (70)}) 9... Bf5 (9... Bh5 10. g4 $5 (10. Ne5 $5)) 10. b3 $5 (10. Ne5) 10... Bb4 11. Bb2 Ne4 $6 (11... Bxc3 12. Bxc3 Ne4 13. Qe1 cxb3 14. axb3 Qb6 $10) (11... Qa5 $5 12. Qc1 Ne4 13. Nxe4 dxe4 14. a3 $1) 12. Nxe4 $1 dxe4 13. Bxc4 $1 exf3 14. Qxf3 Qf6 $6 (14... Ne7 15. Qxb7 $14) (14... Qd7 15. e4 Bg6 16. d5 Na5 17. Bxg7 Rg8 18. Bf6 $14) (14... Qg5 15. e4 (15. d5 $142 $5) 15... Bg6 16. d5 Ne5 17. Bb5+ Kf8 18. Qe2 Bh5 19. g4 Nxg4 20. hxg4 Bxg4 21. Qe3 $14) 15. d5 $1 Qxb2 (15... Ne5 16. Bb5+ (16. Qg3 $4 Nf3+ $1) (16. Qg3 Bd6 17. f4 Qg6 $1 18. Qxg6 Nxg6 19. Bxg7 Rg8 20. Bf6 $16) 16... Bd7 (16... Kf8 17. Qe2 $5 Qe7 18. e4 Bc8 (18... Bg6 19. f4 a6 20. Bxe5 axb5 21. d6 $1 $16 Bxd6 22. Bxd6 Qxd6 23. f5) 19. f4 $16) 17. Bxd7+ Kxd7 18. Bxe5 Qxe5 19. Qxf7+ Qe7 $1 (19... Be7 $2 20. d6 $1) 20. Qf5+) 16. dxc6 Qe5 17. cxb7 Rd8 (17... Rb8 18. Rad1 {d5} Bd6 $2 (18... Be6 19. Qc6+ $1) (18... Qe4 19. Qxe4+ Bxe4 20. Bb5+ Ke7 21. Rd4 Bxb7 22. Rxb4 Bc6 23. a4 a6 24. Rc1 $16) 19. Rxd6 $1) 18. Rad1 Rxd1 (18... O-O 19. b8=Q $1) (18... Bd6 19. Rxd6 $1) 19. Rxd1 O-O 20. Rd5 $1 Qa1+ 21. Kh2 Be6 22. Qf4 $1 $18 Bxd5 23. Bxd5 Qf6 24. Qxb4 Qd8 25. Qc5 Qb8+ 26. g3 Rd8 27. a4 g5 28. e4 Re8 29. b4 h5 30. Kg2 Kg7 31. Bc6 Re6 32. b5 f6 33. Qf5 {c8} 1-0

[Event "Candidates f Kasparov-Smyslov +4-0=9"]
[Site "Vilnius"]
[Date "1984.03.28"]
[Round "8"]
[White "Smyslov, Vassily V"]
[Black "Kasparov, Garry"]
[Result "1/2-1/2"]
[WhiteElo "2600"]
[BlackElo "2710"]
[Annotator "ChessBase"]
[PlyCount "55"]
[EventDate "1984.03.10"]
[EventType "match"]
[EventRounds "13"]
[EventCountry "URS"]
[SourceTitle "Candidates"]
[Source "ChessBase"]
[SourceDate "1999.07.01"]
[SourceVersion "2"]
[SourceVersionDate "1999.07.01"]
[SourceQuality "1"]

1. d4 {ChessBase ChessBase} d5 2. Nf3 c5 3. c4 e6 4. cxd5 exd5 5. g3 Nf6 6. Bg2 Be7 7. O-O O-O 8. Nc3 Nc6 9. Bg5 cxd4 10. Nxd4 h6 11. Be3 Re8 12. a3 Be6 ({RR} 12... Bg4 13. Qc2 Bf8 14. Rad1 Rc8 15. Nxc6 Rxc6 16. Qd3 Qd7 17. Rfe1 Bf5 18. Qd2 Qc8 19. Nxd5 Nxd5 20. Qxd5 Rc2 21. Rc1 b6 22. Rxc2 Qxc2 23. Qd2 Qc8 24. Rc1 Qe6 25. Qd5 Qg6 26. Qc6 Re6 27. Qc7 {Smirnov,A (1915)-Kudriavtsev,Y (1727) Zelenograd 2022 1-0 (49)}) ({RR} 12... Bg4 13. Qc2 Bf8 14. Rad1 Rc8 15. Nxc6 Rxc6 16. Qd3 Qd7 17. Rfe1 Bf5 18. Qd2 Qc8 19. Nxd5 Nxd5 20. Qxd5 Rc2 21. Rc1 b6 22. Rxc2 Qxc2 23. Qd2 Qc8 24. Rc1 Qe6 25. Qd5 Qg6 26. Qc6 Re6 27. Qc7 {Smirnov,A (1915)-Kudriavtsev,Y (1727) Zelenograd 2022 1-0 (49)}) 13. Kh1 Bg4 $1 14. f3 (14. Qb3) (14. h3) 14... Bh5 { 15.... a3} 15. Bg1 $146 { 16.h3!} ({RR} 15. Nxc6 bxc6 16. Na4 Qc8 17. Bd4 Qe6 18. Rc1 Nd7 19. Rc3 Bf6 ({RR} 19... Bg6) ({RR} 19... Bg6) 20. e3 Bg6 21. Kg1 ({RR} 21. Bxf6 Qxf6 22. Qd4 ({RR} 22. Qd2 Nb6) ({RR} 22. Qd2 Nb6) 22... Qxd4 23. exd4) ({RR} 21. Bxf6 Qxf6 22. Qd4 Qxd4 23. exd4) 21... Be7 22. Qd2 Rab8 23. Re1 ({RR} 23. Bxa7 Ra8 24. Nc5 Qd6 25. Nxd7 Rxa7 26. Nc5 Bf6 27. Rcc1 Qe5) ({RR} 23. b4 Nb6 24. Nb2) ({RR} 23. Bxa7 Ra8 24. Nc5 Qd6 25. Nxd7 Rxa7 26. Nc5 Bf6 27. Rcc1 Qe5) ({RR} 23. b4 Nb6 24. Nb2) 23... a5 24. Bf1 ({RR} 24. Rcc1) ({RR} 24. Nc5 Bxc5 25. Bxc5 Nxc5 26. Rxc5 a4) ({RR} 24. Rcc1) ({RR} 24. Nc5 Bxc5 25. Bxc5 Nxc5 26. Rxc5 a4) 24... h5 25. Rec1 Ne5 ({RR} 25... Rec8 26. Nc5 Nxc5 27. Bxc5 Bxc5 28. Rxc5 Qf6) ({RR} 25... Rec8 26. Nc5 Nxc5 27. Bxc5 Bxc5 28. Rxc5 Qf6) 26. Bxe5 ({RR} 26. Kf2 Bf6 27. Nc5 Qf5) ({RR} 26. Be2 Bd6 27. f4 Nc4 28. Bxc4 dxc4 29. Rxc4 Be4 30. Nc5 Bxc5 31. Bxc5 Bd5) ({RR} 26. Kf2 Bf6 27. Nc5 Qf5) ({RR} 26. Be2 Bd6 27. f4 Nc4 28. Bxc4 dxc4 29. Rxc4 Be4 30. Nc5 Bxc5 31. Bxc5 Bd5) 26... Qxe5 27. Rxc6 Bf6 28. R6c5 ({RR} 28. Kf2 Rb3 ({RR} 28... d4 29. e4) ({RR} 28... d4 29. e4) 29. R6c3 ({RR} 29. Rc8 Kh7 30. Rxe8 Qxe8 31. Nc3 Qb8) ({RR} 29. Rc8 Kh7 30. Rxe8 Qxe8 31. Nc3 Qb8) 29... Rxc3 30. Nxc3 d4 31. exd4 Qxd4+ 32. Qxd4 Bxd4+ 33. Kg2 Rb8 34. b4) ({RR} 28. Kf2 Rb3 29. R6c3 Rxc3 30. Nxc3 d4 31. exd4 Qxd4+ 32. Qxd4 Bxd4+ 33. Kg2 Rb8 34. b4) 28... Qxe3+ 29. Qxe3 Rxe3 {Smyslov,V (2600)-Kasparov,G (2710) Vilnius 1984 Candidates [ChessBase] ½-½ (38)}) ({RR} 15. Nxc6 bxc6 16. Na4 Qc8 17. Bd4 Qe6 18. Rc1 Nd7 19. Rc3 Bf6 20. e3 Bg6 21. Kg1 Be7 22. Qd2 Rab8 23. Re1 a5 24. Bf1 h5 25. Rec1 Ne5 26. Bxe5 Qxe5 27. Rxc6 Bf6 28. R6c5 Qxe3+ 29. Qxe3 Rxe3 {Smyslov,V (2600)-Kasparov,G (2710) Vilnius 1984 Candidates [ChessBase] ½-½ (38)}) 15... Qd7 $1 16. Qa4 (16. Nxc6 bxc6 17. e4 Qb7) 16... Bc5 $1 17. Rad1 Bb6 18. Rfe1 (18. Rd2 {}) 18... Bg6 $1 {=/} 19. Qb5 (19. Nxc6 $6 bxc6 20. e4 Bxg1 21. Kxg1 Qb7 $1 {/} 22. exd5 Rxe1+ 23. Rxe1 Qb6+ $1 24. Kh1 Nxd5 25. Nxd5 cxd5) 19... Rad8 20. e3 $6 (20. Na4 {} Bxd4 21. Bxd4 Bc2 22. Bxf6 Bxd1 23. Bxd8 (23. Nc5 $2 Bxe2 $3 $19 24. Rxe2 Qf5 25. Rxe8+ Rxe8 26. Bc3 d4 27. Bd2 b6 $1) 23... Bxa4 24. Qxa4 Qxd8 25. f4 d4 $1 26. Bxc6 $2 bxc6 27. Qxc6 d3 28. e4 d2 29. Rd1 Re6 30. Qc3 Rd6 $10) 20... Qd6 21. Nce2 Ne5 $1 { c4} 22. Qb3 Ba5 $1 23. Nc3 $8 (23. Rf1 Nc4) 23... Nd3 $6 (23... a6 $1 { b5  }) 24. Re2 Nc5 25. Qa2 Bxc3 26. bxc3 (26. Nb5 Qa6 27. Nxc3 Na4 $1 (27... Bd3 28. Rf2 $1 Bc4 29. Qb1 Rxe3 $2 30. Rfd2)) 26... Qa6 $6 (26... Bd3 $6 27. Red2 Bc4 {× f5}) 27. Red2 Na4 $6 (27... Rc8 {} 28. Bh3 Rc7 29. Bf1 Qa5 30. c4 Na4 $5 31. Nb5 Rc5 32. e4 Rxb5 33. cxb5 Nc3) (27... Na4 $6 28. Qb3 Rc8 29. Nb5 $1 $13 (29. Bf1 $6 Qa5 30. Qb4 Qxb4 31. cxb4 a6 $1 $15)) 28. Qb3 1/2-1/2

[Event "Candidates f Kasparov-Smyslov +4-0=9"]
[Site "Vilnius"]
[Date "1984.04.01"]
[Round "10"]
[White "Smyslov, Vassily V"]
[Black "Kasparov, Garry"]
[Result "1/2-1/2"]
[WhiteElo "2600"]
[BlackElo "2710"]
[Annotator "ChessBase"]
[PlyCount "75"]
[EventDate "1984.03.10"]
[EventType "match"]
[EventRounds "13"]
[EventCountry "URS"]
[SourceTitle "Candidates"]
[Source "ChessBase"]
[SourceDate "1999.07.01"]
[SourceVersion "2"]
[SourceVersionDate "1999.07.01"]
[SourceQuality "1"]

1. d4 {ChessBase ChessBase} d5 2. Nf3 c5 3. c4 e6 4. cxd5 exd5 5. g3 Nf6 6. Bg2 Be7 7. O-O O-O 8. Nc3 Nc6 9. Bg5 cxd4 10. Nxd4 h6 11. Be3 Re8 12. a3 Be6 ({RR} 12... Bg4 13. Qc2 Bf8 14. Rad1 Rc8 15. Nxc6 Rxc6 16. Qd3 Qd7 17. Rfe1 Bf5 18. Qd2 Qc8 19. Nxd5 Nxd5 20. Qxd5 Rc2 21. Rc1 b6 22. Rxc2 Qxc2 23. Qd2 Qc8 24. Rc1 Qe6 25. Qd5 Qg6 26. Qc6 Re6 27. Qc7 {Smirnov,A (1915)-Kudriavtsev,Y (1727) Zelenograd 2022 1-0 (49)}) ({RR} 12... Bg4 13. Qc2 Bf8 14. Rad1 Rc8 15. Nxc6 Rxc6 16. Qd3 Qd7 17. Rfe1 Bf5 18. Qd2 Qc8 19. Nxd5 Nxd5 20. Qxd5 Rc2 21. Rc1 b6 22. Rxc2 Qxc2 23. Qd2 Qc8 24. Rc1 Qe6 25. Qd5 Qg6 26. Qc6 Re6 27. Qc7 {Smirnov,A (1915)-Kudriavtsev,Y (1727) Zelenograd 2022 1-0 (49)}) 13. Kh1 Bg4 14. f3 ({RR} 14. Qb3) ({RR} 14. h3) ({RR} 14. Qb3) ({RR} 14. h3) 14... Bh5 15. Nxc6 $146 ({RR} 15. Bg1 Qd7 16. Qa4 ({RR} 16. Nxc6 bxc6 17. e4 Qb7) ({RR} 16. Nxc6 bxc6 17. e4 Qb7) 16... Bc5 17. Rad1 Bb6 18. Rfe1 ({RR} 18. Rd2) ({RR} 18. Rd2) 18... Bg6 19. Qb5 ({RR} 19. Nxc6 bxc6 20. e4 Bxg1 21. Kxg1 Qb7 22. exd5 Rxe1+ 23. Rxe1 Qb6+ 24. Kh1 Nxd5 25. Nxd5 cxd5) ({RR} 19. Nxc6 bxc6 20. e4 Bxg1 21. Kxg1 Qb7 22. exd5 Rxe1+ 23. Rxe1 Qb6+ 24. Kh1 Nxd5 25. Nxd5 cxd5) 19... Rad8 20. e3 ({RR} 20. Na4 Bxd4 21. Bxd4 Bc2 22. Bxf6 Bxd1 23. Bxd8 ({RR} 23. Nc5 Bxe2 24. Rxe2 Qf5 25. Rxe8+ Rxe8 26. Bc3 d4 27. Bd2 b6) ({RR} 23. Nc5 Bxe2 24. Rxe2 Qf5 25. Rxe8+ Rxe8 26. Bc3 d4 27. Bd2 b6) 23... Bxa4 24. Qxa4 Qxd8 25. f4 d4 26. Bxc6 bxc6 27. Qxc6 d3 28. e4 d2 29. Rd1 Re6 30. Qc3 Rd6) ({RR} 20. Na4 Bxd4 21. Bxd4 Bc2 22. Bxf6 Bxd1 23. Bxd8 Bxa4 24. Qxa4 Qxd8 25. f4 d4 26. Bxc6 bxc6 27. Qxc6 d3 28. e4 d2 29. Rd1 Re6 30. Qc3 Rd6) 20... Qd6 21. Nce2 Ne5 22. Qb3 Ba5 23. Nc3 ({RR} 23. Rf1 Nc4) ({RR} 23. Rf1 Nc4) 23... Nd3 ({RR} 23... a6) ({RR} 23... a6) 24. Re2 Nc5 25. Qa2 Bxc3 26. bxc3 ({RR} 26. Nb5 Qa6 27. Nxc3 Na4 ({RR} 27... Bd3 28. Rf2 Bc4 29. Qb1 Rxe3 30. Rfd2) ({RR} 27... Bd3 28. Rf2 Bc4 29. Qb1 Rxe3 30. Rfd2)) ({RR} 26. Nb5 Qa6 27. Nxc3 Na4) 26... Qa6 ({RR} 26... Bd3 27. Red2 Bc4) ({RR} 26... Bd3 27. Red2 Bc4) 27. Red2 Na4 ({RR} 27... Rc8 28. Bh3 Rc7 29. Bf1 Qa5 30. c4 Na4 31. Nb5 Rc5 32. e4 Rxb5 33. cxb5 Nc3) ({RR} 27... Rc8 28. Bh3 Rc7 29. Bf1 Qa5 30. c4 Na4 31. Nb5 Rc5 32. e4 Rxb5 33. cxb5 Nc3) 28. Qb3 {½-½ (28) Smyslov,V (2600)-Kasparov,G (2710) Vilnius 1984 Candidates [ChessBase]} {RR} Rc8 ({RR} 28... Rc8 29. Nb5 ({RR} 29. Bf1 Qa5 30. Qb4 Qxb4 31. cxb4 a6)) 29. Nb5 ({RR} 29. Bf1 Qa5 30. Qb4 Qxb4 31. cxb4 a6)) ({RR} 15. Bg1 Qd7 16. Qa4 Bc5 17. Rad1 Bb6 18. Rfe1 Bg6 19. Qb5 Rad8 20. e3 Qd6 21. Nce2 Ne5 22. Qb3 Ba5 23. Nc3 Nd3 24. Re2 Nc5 25. Qa2 Bxc3 26. bxc3 Qa6 27. Red2 Na4 28. Qb3 {½-½ (28) Smyslov,V (2600)-Kasparov,G (2710) Vilnius 1984 Candidates [ChessBase]}) 15... bxc6 16. Na4 Qc8 $1 { e6} 17. Bd4 Qe6 18. Rc1 Nd7 19. Rc3 Bf6 $6 (19... Bg6 {}) 20. e3 $1 Bg6 21. Kg1 $6 (21. Bxf6 {} Qxf6 22. Qd4 $1 (22. Qd2 $2 Nb6 $1) 22... Qxd4 23. exd4 {× c6}) 21... Be7 $1 { c5} 22. Qd2 Rab8 { b6} 23. Re1 { f1} (23. Bxa7 $2 Ra8 24. Nc5 Qd6 $1 25. Nxd7 Rxa7 26. Nc5 Bf6 27. Rcc1 Qe5 $17) (23. b4 $5 Nb6 24. Nb2) 23... a5 24. Bf1 (24. Rcc1 { 25.a5? a8 -+}) (24. Nc5 $6 Bxc5 25. Bxc5 Nxc5 26. Rxc5 a4 $1 {× b2, e3 = × c6, a4}) 24... h5 25. Rec1 Ne5 $6 (25... Rec8 $10 { h4 ×  = × c6, c5} 26. Nc5 $6 Nxc5 27. Bxc5 Bxc5 28. Rxc5 Qf6 $1) 26. Bxe5 $6 {× b2, e3} (26. Kf2 Bf6 27. Nc5 Qf5 $1 $13) (26. Be2 {} Bd6 $1 27. f4 Nc4 28. Bxc4 dxc4 29. Rxc4 Be4 30. Nc5 Bxc5 31. Bxc5 Bd5 {/}) 26... Qxe5 27. Rxc6 Bf6 28. R6c5 $2 (28. Kf2 Rb3 (28... d4 $2 29. e4 { 1c5}) 29. R6c3 (29. Rc8 $6 Kh7 30. Rxe8 Qxe8 31. Nc3 Qb8 $1 $36) 29... Rxc3 30. Nxc3 d4 31. exd4 Qxd4+ 32. Qxd4 Bxd4+ 33. Kg2 Rb8 34. b4 $10) 28... Qxe3+ 29. Qxe3 Rxe3 30. Rxd5 Rxf3 31. Be2 (31. Rxa5 $2 Bd4+ 32. Kg2 (32. Kh1 Rxf1+ 33. Rxf1 Be4+ 34. Rf3 Bxf3#) 32... Rf2+) 31... Re3 (31... Rf5 32. Rxf5 Bxf5 33. Bxh5 Bd7 34. Nc5 $2 (34. Rc4 $1 $10) 34... Bd4+ $1) 32. Bxh5 Bxh5 33. Rxh5 g5 $1 $17 34. Nc3 $1 Rd8 $1 (34... Rxb2 35. Nd5 Bd4 36. Rxg5+ Kf8 37. Kh1 $1) 35. Rc2 Kg7 36. Kg2 Kg6 37. g4 Rd4 $1 38. h3 (38. Rh3 Rxg4+ 39. Rg3 Rgxg3+ 40. hxg3 Be5 41. Ne2 Kf5 42. Kf2 Rb3 $17) (38. h3 Rc4 (38... Rdd3 39. Ne2 a4 $1 $17 40. h4 $2 Re4 $1) 39. a4 $1 (39. Rf2 Bxc3 40. bxc3 Rcxc3 41. h4 Rg3+ 42. Kf1 gxh4 43. Rxh4 (43. Rxa5 Rc1+ 44. Ke2 Rxg4 {/-+} (44... h3)) 43... Rc1+ 44. Ke2 Rxa3 {/-+}) 39... Bxc3 40. bxc3 Rcxc3 41. Rxc3 Rxc3 42. h4 f6 43. hxg5 fxg5 44. Rh8 Rc4 45. Kg3 Rxa4 46. Ra8 Kf6 47. Rf8+ $10) 1/2-1/2

[Event "Tilburg Fontys"]
[Site "Tilburg"]
[Date "1998.10.25"]
[Round "3"]
[White "Van Wely, Loek"]
[Black "Kortschnoj, Viktor Lvovich"]
[Result "1-0"]
[WhiteElo "2635"]
[BlackElo "2625"]
[Annotator "Kortschnoj,Viktor Lvovich"]
[PlyCount "119"]
[EventDate "1998.10.23"]
[EventType "tourn"]
[EventRounds "11"]
[EventCountry "NED"]
[EventCategory "18"]
[SourceTitle "EXT 1999"]
[Source "ChessBase"]
[SourceDate "1998.11.16"]
[SourceVersion "1"]
[SourceVersionDate "1998.11.16"]
[SourceQuality "1"]

1. d4 d5 2. c4 e6 3. Nc3 c5 4. cxd5 exd5 5. Nf3 Nc6 6. g3 c4 7. Bg2 Bb4 8. O-O Nge7 9. Bd2 $5 (9. a3 Ba5 10. e4) (9. Ne5) 9... O-O 10. a3 (10. b3 Qa5 11. Qe1 cxb3 12. axb3 Qd8 13. Na4 a5 $13) 10... Ba5 11. b3 ({RR} 11. Re1 Bg4 12. Nb5 a6 13. Bxa5 Nxa5 14. Nc3 Nb3 15. Rb1 Nc6 16. Nd2 Ncxd4 17. Nxb3 Nxb3 18. Bxd5 b5 19. Bxa8 Qxa8 20. f3 Rd8 21. Qc2 Be6 22. Rbd1 Nd4 23. Qc1 h6 24. Qf4 Nc2 25. Rxd8+ Qxd8 {Paikidze,N (2278)-Zhukova,N (2499) Moscow 2010 1-0 (33)}) ({RR} 11. Re1 Bg4 12. Nb5 a6 13. Bxa5 Nxa5 14. Nc3 Nb3 15. Rb1 Nc6 16. Nd2 Ncxd4 17. Nxb3 Nxb3 18. Bxd5 b5 19. Bxa8 Qxa8 20. f3 Rd8 21. Qc2 Be6 22. Rbd1 Nd4 23. Qc1 h6 24. Qf4 Nc2 25. Rxd8+ Qxd8 {Paikidze,N (2278)-Zhukova,N (2499) Moscow 2010 1-0 (33)}) 11... cxb3 12. Qxb3 Bf5 13. Rfd1 $146 (13. e3 $6 Bd3 $11) (13. Rfc1 $14) 13... b6 $146 ({RR} 13... Bb6 14. Bg5 h6 15. Bxe7 Nxe7 16. Ne5 Rc8 17. Rac1 Be6 18. e3 Qd6 19. Nb5 Qb8 20. Nd3 Rc4 21. Nf4 Rfc8 22. Rxc4 dxc4 23. Qb4 Nc6 24. Qd6 a6 25. Qxb8 Rxb8 26. Nd6 Na5 27. Nxe6 fxe6 28. Bh3 {Volodin,A (2354)-Gamback,B (2179) Finland 2006 1-0 (61)}) ({RR} 13... Bb6 14. Bg5 h6 15. Bxe7 Nxe7 16. Ne5 Rc8 17. Rac1 Be6 18. e3 Qd6 19. Nb5 Qb8 20. Nd3 Rc4 21. Nf4 Rfc8 22. Rxc4 dxc4 23. Qb4 Nc6 24. Qd6 a6 25. Qxb8 Rxb8 26. Nd6 Na5 27. Nxe6 fxe6 28. Bh3 {Volodin,A (2354)-Gamback,B (2179) Finland 2006 1-0 (61)}) 14. e3 Rc8 15. Rac1 Qd6 16. h3 (16. Ne2 Bxd2 17. Nxd2 Bg4 $11) 16... Bxc3 17. Bxc3 Be4 18. Bb4 $5 $14 Nxb4 19. Qxb4 (19. axb4 Nc6 20. b5 Na5 $11) 19... Qxb4 20. axb4 Rxc1 21. Rxc1 Rc8 22. Ra1 Rc7 $6 (22... Nc6 $5 23. b5 (23. Rc1 Ne7 $11) (23. Ne5 Nxb4 24. Rxa7 f6 25. Ra4 $1 $14) 23... Na5 24. Ne5 f6 25. Bxe4 dxe4 26. Nc6 Nxc6 27. bxc6 a5 28. d5 Kf7 29. Rb1 Ke7 30. Rxb6 Kd6 31. Ra6 Kxd5 32. Rxa5+ Kxc6 33. Ra4 $14) 23. Ne1 Bxg2 24. Kxg2 g5 (24... f6 $5 { f7}) 25. b5 f6 26. Nd3 Kf7 27. Ra6 (27. Kf3 $5) 27... Ke6 28. Nb4 h5 29. g4 $2 (29. Kf3 $14) 29... h4 $6 (29... hxg4 30. hxg4 Rc4 31. Nc6 Nxc6 32. bxc6 Rxc6 33. Rxa7 Rc2 $11) 30. Kf3 Kd6 $2 (30... Rc4 31. Nd3 Rc3 32. Ke2 Rb3 $14) 31. Ke2 Rc4 32. Nd3 Nc8 $2 {32...Tc2 33.Kd1 Tc3 34.Kd2 Tb3} (32... Rc2+ 33. Kd1 Rc3 34. Kd2 Rb3 $14) 33. Kd2 Kc7 (33... Ke6 $142 { d6}) 34. Ra1 $1 $16 Kb7 35. Rb1 Kc7 36. Nb4 Kd6 37. Kd3 Rc7 38. f3 Ne7 39. e4 Ke6 40. Re1 $1 $18 dxe4+ 41. fxe4 Ng6 42. Nd5 Nf4+ 43. Nxf4+ gxf4 44. Rf1 Rc8 45. Rxf4 Rc1 46. d5+ Ke7 47. g5 $1 fxg5 48. Rf5 Kd6 49. Rxg5 Kc5 50. Rg7 Rh1 51. Rc7+ Kxb5 52. Kd4 Rxh3 53. d6 Rh1 54. Ke5 h3 55. Rc2 Rd1 56. Ke6 Ka4 57. e5 b5 58. Kd7 b4 59. e6 b3 60. Rh2 1-0